Jewish culture and customs : (Record no. 1069)

MARC details
000 -LEADER
fixed length control field 00753nam a2200265 a 4500
005 - DATE AND TIME OF LATEST TRANSACTION
control field 20260322212045.0
008 - FIXED-LENGTH DATA ELEMENTS--GENERAL INFORMATION
fixed length control field data
010 ## - LIBRARY OF CONGRESS CONTROL NUMBER
LC control number 97075105
020 ## - INTERNATIONAL STANDARD BOOK NUMBER
International Standard Book Number 0915540312
020 ## - INTERNATIONAL STANDARD BOOK NUMBER
International Standard Book Number 9780915540310
040 ## - CATALOGING SOURCE
Original cataloging agency DLC
Transcribing agency DLC
050 00 - LIBRARY OF CONGRESS CALL NUMBER
Classification number BT93
Item number .H47 1997
082 00 - DEWEY DECIMAL CLASSIFICATION NUMBER
Classification number 231.7/6
Edition information 21
092 ## - LOCALLY ASSIGNED DEWEY CALL NUMBER (OCLC)
Classification number 231.7 H47 1997
001 - CONTROL NUMBER
control field data
100 1# - MAIN ENTRY--PERSONAL NAME
Personal name Herzig, Steve,
Dates associated with a name 1953-
245 10 - TITLE STATEMENT
Title Jewish culture and customs :
Remainder of title a sampler of Jewish life /
Statement of responsibility, etc. Steve Herzig.
246 14 - VARYING FORM OF TITLE
Title proper/short title Jewish culture & customs
260 ## - PUBLICATION, DISTRIBUTION, ETC.
Place of publication, distribution, etc. Bellmawr, NJ :
Name of publisher, distributor, etc. Friends of Israel Gospel Ministry,
Date of publication, distribution, etc. c1997.
300 ## - PHYSICAL DESCRIPTION
Extent 141 p. ;
Dimensions 22 cm.
504 ## - BIBLIOGRAPHY, ETC. NOTE
Bibliography, etc. note Includes bibliography (p. 141).
650 #0 - SUBJECT ADDED ENTRY--TOPICAL TERM
Topical term or geographic name entry element Judaism (Christian theology)
650 #0 - SUBJECT ADDED ENTRY--TOPICAL TERM
Topical term or geographic name entry element Jews
General subdivision History.
650 #0 - SUBJECT ADDED ENTRY--TOPICAL TERM
Topical term or geographic name entry element Jewish way of life.
Holdings
Withdrawn status Lost status Damaged status Not for loan Home library Current library Shelving location Date acquired Total checkouts Full call number Barcode Date last seen Price effective from Koha item type
        Institut Protestant de Théologie Institut Protestant de Théologie General stacks 22/03/2026   231.7/6 21 BC0011103 22/03/2026 22/03/2026 Books